00863 2200205 4500001002100000005001500021035002000036008004100056245009200097100001800189250000600207260003800213300001200251084001400263082000800277650001000285520033800295990001200633990001200645INLIS00000000000090220240603093026 a0010-0524000137240603 1 ind 1 aOn Air In Love; Sejak Detik Itu, Aku Jatuh Cinta Pada Pandangan Pertama /cFay Shalamar aShalamar, Fay a1 aYogyakarta :bSheila/ Andi,c2013 a168 hlm a813 FAY o a813 4aFiksi aSeneng rasanya siaran bodoh kita tiap hari itu bisa membuahkan hasil seperti buku ini. apakah ini buku revolusioner yang akan mengubah dunia penulisan Indonesia? Jelas tidak. Buku ini sederhana, tapi justru kesederhanaannya itu yang akan membuat banyak orang bisa mengerti bahwa cinta dan mimpi itu erat hubungannya. Nice. I like it. a0741404 a0741405